Man before the morning / (Record no. 589037)

000 -LEADER
fixed length control field 00900cam a2200301 i 4500
001 - CONTROL NUMBER
control field 833282
003 - CONTROL NUMBER IDENTIFIER
control field NUST
005 - DATE AND TIME OF LATEST TRANSACTION
control field 20220405101720.0
008 - FIXED-LENGTH DATA ELEMENTS--GENERAL INFORMATION
fixed length control field 771017s1977 nyu 000 1 eng
010 ## - LIBRARY OF CONGRESS CONTROL NUMBER
LC control number 77081625
020 ## - INTERNATIONAL STANDARD BOOK NUMBER
International Standard Book Number 0915684209 :
Terms of availability $5.95
038 ## - RECORD CONTENT LICENSOR
Staff Name waseem
040 ## - CATALOGING SOURCE
Original cataloging agency DLC
Transcribing agency DLC
Modifying agency DLC
050 00 - LIBRARY OF CONGRESS CALL NUMBER
Classification number PZ3.M27986
Item number Man
Classification number PR9199.3.M34557
082 00 - DEWEY DECIMAL CLASSIFICATION NUMBER
Classification number 813.54
Author Mark MAI
100 1# - MAIN ENTRY--PERSONAL NAME
Personal name Maiden, Cecil.
9 (RLIN) 90814
245 10 - TITLE STATEMENT
Title Man before the morning /
Statement of responsibility, etc. Cecil Maiden.
250 ## - EDITION STATEMENT
Edition statement 1st ed.
260 ## - PUBLICATION, DISTRIBUTION, ETC.
Place of publication, distribution, etc. Chappaqua, N.Y. :
Name of publisher, distributor, etc. Christian Herald Books,
Date of publication, distribution, etc. c1977.
300 ## - PHYSICAL DESCRIPTION
Extent 191 p. ;
Dimensions 22 cm.
563 ## - BINDING INFORMATION
Binding note HBK.
600 00 - SUBJECT ADDED ENTRY--PERSONAL NAME
Personal name Joseph,
Titles and other words associated with a name of Arimathea, Saint
General subdivision Fiction.
9 (RLIN) 90815
650 #0 - SUBJECT ADDED ENTRY--TOPICAL TERM
Topical term or geographic name entry element Christian saints
General subdivision Fiction.
9 (RLIN) 90816
655 #7 - INDEX TERM--GENRE/FORM
Genre/form data or focus term Biographical fiction.
Source of term gsafd
9 (RLIN) 416
655 #7 - INDEX TERM--GENRE/FORM
Genre/form data or focus term Christian fiction.
Source of term gsafd
9 (RLIN) 8056
906 ## - LOCAL DATA ELEMENT F, LDF (RLIN)
a 7
b cbc
c orignew
d 2
e opcn
f 19
g y-gencatlg
942 ## - ADDED ENTRY ELEMENTS (KOHA)
Source of classification or shelving scheme
Koha item type Book
Holdings
Withdrawn status Lost status Source of classification or shelving scheme Damaged status Not for loan Permanent Location Current Location Shelving location Date acquired Source of acquisition Total Checkouts Full call number Barcode Date last seen Price effective from Koha item type
          Central Library (CL) Central Library (CL) Fiction 04/05/2022 Donation   813.54 MAI CL-D-1556 04/05/2022 04/05/2022 Book
© 2023 Central Library, National University of Sciences and Technology. All Rights Reserved.